|
|
|
|
| LEADER |
00000naa2a2200000 4500 |
| 001 |
603239 |
| 005 |
20260226154551.0 |
| 035 |
|
|
|a (RuTPU)RU\TPU\conf\390
|
| 035 |
|
|
|a RU\TPU\conf\387
|
| 090 |
|
|
|a 603239
|
| 100 |
|
|
|a 20131224d2013 k y0rusy50 ca
|
| 101 |
0 |
|
|a rus
|
| 102 |
|
|
|a RU
|
| 135 |
|
|
|a drcn ---uucaa
|
| 181 |
|
0 |
|a i
|
| 182 |
|
0 |
|a b
|
| 200 |
1 |
|
|a Реализация механизмов кэширования для систем клиент-серверной архитектуры
|f А. О. Игумнов, Д. М. Сонькин
|
| 203 |
|
|
|a Текст
|c электронный
|
| 225 |
1 |
|
|a Информационно-телекоммуникационные технологии
|
| 300 |
|
|
|a Заглавие с титульного листа.
|
| 320 |
|
|
|a [Библиогр.: с. 198 (3 назв.)]
|
| 330 |
|
|
|a TThis article is describes the problem of accessing database in state of limited hardware resources. It provides the analytics of the structure of database and the way to reduce the workload by caching certain data. This cache mechanism reduces the workload that makes the whole system that uses it cheaper on hardware. An example of practical use in existing active system of dispatching taxi park is described.
|
| 337 |
|
|
|a Adobe Reader
|
| 463 |
|
1 |
|0 (RuTPU)RU\TPU\conf\40
|t Технологии Microsoft в теории и практике программирования
|o сборник трудов X Всероссийской научно-практической конференции студентов, аспирантов и молодых ученых, г.Томск, 19-20 марта 2013 г.
|f Национальный исследовательский Томский политехнический университет (ТПУ), Институт кибернетики ; ред. кол. А. В. Лиепиньш и др.
|v [С. 196-198]
|d 2013
|
| 610 |
1 |
|
|a электронный ресурс
|
| 610 |
1 |
|
|a труды учёных ТПУ
|
| 610 |
1 |
|
|a кэширование
|
| 610 |
1 |
|
|a клиент-серверные приложения
|
| 610 |
1 |
|
|a базы данных
|
| 700 |
|
1 |
|a Игумнов
|b А. О.
|c специалист в области информатики и проектирования систем
|c лаборант Томского политехнического университета
|f 1988-
|g Артем Олегович
|3 (RuTPU)RU\TPU\pers\37019
|
| 701 |
|
1 |
|a Сонькин
|b Д. М.
|c специалист в области информатики и вычислительной техники
|c ассистент кафедры Томского политехнического университета, кандидат технических наук
|f 1986-
|g Дмитрий Михайлович
|3 (RuTPU)RU\TPU\pers\25949
|
| 712 |
0 |
2 |
|a Национальный исследовательский Томский политехнический университет (ТПУ)
|b Институт кибернетики (ИК)
|b Кафедра информатики и проектирования систем (ИПС)
|3 (RuTPU)RU\TPU\col\18697
|
| 801 |
|
2 |
|a RU
|b 63413507
|c 20230518
|g RCR
|
| 856 |
4 |
|
|u http://www.lib.tpu.ru/fulltext/c/2013/C28/077.pdf
|
| 942 |
|
|
|c BK
|